| 000 | 00636cam a2200217 i 4500 | ||
|---|---|---|---|
| 020 | _a9781259277368 (alk. paper) | ||
| 020 | _a1259277364 (alk. paper) | ||
| 040 | _cDLC | ||
| 082 | 0 | 0 | _a612 HIL 1998 A106 Or. |
| 100 | 1 | _aShier, David, | |
| 245 | 1 | 0 | _aHole's essentials of human anatomy & physiology / |
| 246 | 3 | _aHole's essentials of human anatomy and physiology | |
| 250 | _aThirteenth edition. | ||
| 300 |
_axx, 634 pages : _bcolor illustrations ; _c29 cm |
||
| 500 | _aIncludes indexes. | ||
| 650 | 0 | _aHuman physiology. | |
| 650 | 0 | _aHuman anatomy. | |
| 700 | 1 | _aButler, Jackie, | |
| 700 | 1 | _aLewis, Ricki, | |
| 942 | _cEK | ||
| 999 |
_c16658 _d16658 |
||